Beaches and coasts
Αποθηκεύτηκε σε:
| Κύριος συγγραφέας: | |
|---|---|
| Άλλοι συγγραφείς: | |
| Μορφή: | Βιβλίο |
| Γλώσσα: | English |
| Δημοσίευση: |
Malden, MA :
Blackwell Pub.,
2004
|
| Θέματα: | |
| Ετικέτες: |
Προσθήκη ετικέτας
Δεν υπάρχουν, Καταχωρήστε ετικέτα πρώτοι!
|
MARC
| LEADER | 00000nam a2200000 i 4500 | ||
|---|---|---|---|
| 001 | 1/20293 | ||
| 008 | 051205s2004 eng d | ||
| 020 | |a 0-632-04308-3 | ||
| 035 | |l 10081577 | ||
| 040 | |a GR-MY-UA |b gre |e aacr | ||
| 041 | 0 | |a eng | |
| 082 | 0 | |a 551.457 |2 (22) | |
| 100 | 1 | |a Davis, Richard A. |q (Richard Albert) |d 1937- | |
| 245 | 1 | 0 | |a Beaches and coasts / |c Richard A. Davis Jr. and Duncan M. FitzGerald |
| 260 | |a Malden, MA : |b Blackwell Pub., |c 2004 | ||
| 300 | |a xi, 419 σ.; |b έγχρ. εικ., χάρτ.; |c 26 εκ. | ||
| 504 | |a Περιέχει βιβλιογραφία και ευρετήριο | ||
| 650 | 0 | 0 | |a Beaches. |
| 650 | 0 | 0 | |a Coasts. |
| 650 | 0 | 0 | |a Coast changes. |
| 700 | 1 | |a FitzGerald, Duncan M. | |
| 852 | |a INST |b LESVOS |e 20051205 |h 551.457 DAV |p 005100033700 |q 005100033700 |t BK |y 0 | ||
| 852 | |a INST |b LESVOS |e 20051205 |h 551.457 DAV |p 005100033701 |q 005100033701 |t BK |y 0 | ||
| 852 | |a INST |b LESVOS |e 20080411 |h 551.457 DAV |p 005100042455 |q 005100042455 |t BK |y 0 | ||
| 901 | |a BIBL1-2005-3 | ||
| 901 | |a BIBL1-2008-1 | ||
| 909 | |a Λ |b 118071 | ||
| 909 | |a Λ |b 118070 | ||
| 909 | |a Λ |b 144336 | ||
| 920 | |a ΔΙΕΥΡΥΝΣΗ |b ΕΠΕΑΕΚ-ΤΕΘ |y ΛΕΣΒΟΣ |z 2005-10 | ||
| 922 | |a 1ΕΛΗ |b 200801 |c ΕΠΕΑΕΚ2/ΤΕΘ |d ΠΑΠΑΣΩΤΗΡΙΟΥ | ||
| 970 | |a ΚΑΡΑ |b ΓΙΑΣΕΜΗ |z 2005/12/05 | ||